| 000 | 00959nam a2200205 i 4500 | ||
|---|---|---|---|
| 001 | 184705 | ||
| 003 | ES-MaACL | ||
| 005 | 20250902131140.0 | ||
| 008 | 151116s1918 sp |||| | spa d | ||
| 245 | 0 | 0 |
_aAudiencia de Charcas _b: correspondencia de presidentes y oidores : documentos del Archivo de Indias. _nI, _p1561-1579 / _cpublicación dirigida por Roberto Levillier ; prólogo de Adolfo Bonilla San Martín. |
| 260 |
_aBuenos Aires : _bMunicipalidad, _c1918. |
||
| 300 |
_aLXIII, 715 p. ; _c24 cm. |
||
| 490 | 1 | _aColección de publicaciones históricas de la Biblioteca del Congreso Argentino | |
| 651 | 4 |
_aArgentina- _xHistoria- _y1591-1810, Época colonial. _9156531 |
|
| 700 | 1 |
_aLevillier, Roberto, _d1886-1969 _971965 |
|
| 700 | 1 |
_aBonilla y San Martín, Adolfo, _d1875-1926 _930193 |
|
| 830 | 0 |
_aColección de publicaciones históricas de la Biblioteca del Congreso Argentino _9192228 |
|
| 852 |
_aES-MaACL _jC-7171 |
||
| 999 |
_c184705 _d184705 |
||